000 00824nam a2200241 i 4500
001 133705
003 ES-MaACL
005 20250903011201.0
007 t|
008 070827s1958 xxu ||||1| eng d
080 _a51
100 0 _aCarroll, Lewis.
_935844
245 1 0 _aSymbolic Logic and the game of logic (both books bond as one) /
_cby Lewis Carroll.
260 _aNew York :
_bDover Publications :
_bBerkeley Enterprises,
_c1958.
300 _a199, 96 p. ;
_c21 cm.
490 1 _aMathematical recreations of Lewis Carroll ;
_v1
500 _aBiblioteca Jacinto Martínez Lacalle.
500 _aReprod. facs.
650 1 7 _aMatemáticas
_2embne
_914814
830 0 _aMathematical recreations of Lewis Carroll ;
_v1
_9219772
852 _aES-MaACL
_jE-12033
_bR.139940
999 _c133705
_d133705